000 00338 a2200145 4500
001 151130
040 _cEscola São Tomás de Aquino
100 _aTEIXEIRA, Lilian
240 1 0 _aO pai que lia pensamentos
_lpor
245 1 0 _aO pai que lia pensamentos
300 _a34
362 0 _a2011
697 _a*LITERATURA INFANTO
942 _cBK
999 _c151130
_d151130